Sound of freedom / Angel Studios presents ; a ... Read More
Available copies
- 6 of 6 copies available at LARL/NWRL Consortium. (Show)
- 4 of 4 copies available at Northwest Regional Library.
Current holds
0 current holds with 6 total copies.
Show Only Available Copies
| Location | Call Number / Copy Notes | Barcode | Shelving Location | Status | Due Date |
|---|---|---|---|---|---|
| Godel Memorial-Warren Library | DVD SOU (Text) | 35500006376170 | Main | Available | - |
| Hallock Public Library | DVD SOU (Text) | 35500006376980 | Main | Available | - |
| Red Lake Falls Public Library | DVD SOU (Text) | 35500006376972 | Main | Available | - |
| Thief River Falls Public Library | DVD SOU (Text) | 35500006376741 | Main | Available | - |
Record details
- Physical Description: 1 videodisc (131 min.) : sound, color ; 4 3/4 in.
- Publisher: [Provo, UT] : Angel Studios, [2023]
Content descriptions
| General Note: | Originally released as a motion picture in 2023. Wide screen (2.39:1). |
| Creation/Production Credits Note: | Director of photography, Gorka Gómez Andreu ; ... Read More |
| Participant or Performer Note: | Jim Caviezel, Eduardo Verástegui, Javier Godino, ... Read More |
| Summary, etc.: | Is based on an incredible true story, and shines a ... Read More |
| Target Audience Note: | MPAA rating: PG-13; thematic content involving sex ... Read More |
| System Details Note: | DVD, region 1; widescreen (16x9, 2.39:1); Dolby ... Read More |
| Language Note: | In English or Spanish; optional English or Spanish ... Read More |
Search for related items by subject
| Genre: | Thrillers (Motion pictures) Crime films. Feature films. Fiction films. Video recordings for the hearing impaired. |
| LDR | 04402cgm a2200949 i 4500 | ||
|---|---|---|---|
| 001 | 425000 | ||
| 003 | LARL_NWRL_CONSORTIUM | ||
| 005 | 20231115175741.0 | ||
| 008 | 230926s2023 utu131 e vleng d | ||
| 007 | vd cvaizq | ||
| 040 | . | ‡aTEFMT ‡beng ‡erda ‡cTEFMT ‡dTEF ‡dTEFMT ‡dJCX ‡dOPW ‡dIEB ‡dINO ‡dIHY ‡dKYC ‡dGL4 ‡dRB0 | |
| 019 | . | ‡a1407433833 ‡a1407801108 | |
| 024 | 1 | . | ‡a031398342380 |
| 024 | 1 | . | ‡a031398342403 |
| 028 | 4 | 2. | ‡aA061374 ‡bLionsgate |
| 028 | 4 | 2. | ‡a61374 ‡bAngel Studios ‡q(DVD) |
| 028 | 4 | 2. | ‡a61376 ‡bAngel Studios ‡q(set) |
| 035 | . | ‡a(OCoLC)1399540412 ‡z(OCoLC)1407433833 ‡z(OCoLC)1407801108 | |
| 037 | . | ‡bMidwest Tape ‡nhttp://www.midwesttapes.com | |
| 041 | 1 | . | ‡aeng ‡aspa ‡jeng ‡jspa ‡peng ‡heng |
| 046 | . | ‡k2023 ‡2edtf | |
| 082 | 0 | 4. | ‡a791.43/72 ‡223/eng/20230927 |
| 245 | 0 | 0. | ‡aSound of freedom / ‡cAngel Studios presents ; a Santa Fe Films production ; an Eduardo Verástegui production ; directed by Alejandro Monteverde ; written by Rod Barr & Alejandro Monteverde ; produced by Eduardo Verástegui. |
| 257 | . | ‡aUnited States ‡2naf | |
| 264 | 1. | ‡a[Provo, UT] : ‡bAngel Studios, ‡c[2023] | |
| 300 | . | ‡a1 videodisc (131 min.) : ‡bsound, color ; ‡c4 3/4 in. | |
| 336 | . | ‡atwo-dimensional moving image ‡btdi ‡2rdacontent | |
| 337 | . | ‡avideo ‡bv ‡2rdamedia | |
| 338 | . | ‡avideodisc ‡bvd ‡2rdacarrier | |
| 340 | . | ‡b4 3/4 in. | |
| 340 | . | ‡gpolychrome ‡2rdacc | |
| 341 | 0 | . | ‡aauditory ‡bcaptions |
| 344 | . | ‡adigital ‡2rdatr | |
| 344 | . | ‡boptical ‡2rdarm | |
| 344 | . | ‡gsurround ‡2rdacpc | |
| 344 | . | ‡hDolby audio 5.1 | |
| 345 | . | ‡c2.39:1 | |
| 345 | . | ‡dwide screen ‡2rdaar | |
| 346 | . | ‡alaser optical ‡bNTSC ‡2rda | |
| 347 | . | ‡avideo file ‡2rdaft | |
| 347 | . | ‡bDVD video | |
| 347 | . | ‡eregion 1 ‡2rdare | |
| 380 | . | ‡aMotion pictures ‡2lcgft | |
| 538 | . | ‡aDVD, region 1; widescreen (16x9, 2.39:1); Dolby 5.1. | |
| 546 | . | ‡aIn English or Spanish; optional English or Spanish subtitles; English subtitles for the deaf and hard of hearing (SDH). | |
| 532 | 1 | . | ‡aEnglish subtitles for the deaf and hard of hearing |
| 511 | 1 | . | ‡aJim Caviezel, Eduardo Verástegui, Javier Godino, Gustavo Sanchez Parra, Kurt Fuller, Jose Zuniga, Kris Avedisian, Mira Sorvino, Bill Camp. |
| 508 | . | ‡aDirector of photography, Gorka Gómez Andreu ; editor, F. Brian Scofield ; music, Javier Navarrete. | |
| 500 | . | ‡aOriginally released as a motion picture in 2023. | |
| 500 | . | ‡aWide screen (2.39:1). | |
| 521 | 8 | . | ‡aMPAA rating: PG-13; thematic content involving sex trafficking, violence, language, sexual references, some drug references and smoking throughout. |
| 520 | . | ‡aIs based on an incredible true story, and shines a light on even the darkest of places. After rescuing a young boy from ruthless child traffickers, a federal agent learns the boy's sister is still captive and decides to embark on a dangerous mission to save her. With time running out, he quits his job and journeys deep into the Colombian jungle, putting his life on the line to free himself from a fate worse than death. | |
| 610 | 1 | 0. | ‡aUnited States. ‡bDepartment of Homeland Security ‡xOfficials and employees ‡vDrama. |
| 650 | 0. | ‡aEx-public officers ‡vDrama. | |
| 650 | 0. | ‡aSiblings ‡vDrama. | |
| 650 | 0. | ‡aChildren ‡xCrimes against ‡vDrama. | |
| 650 | 0. | ‡aSearch and rescue operations ‡vDrama. | |
| 651 | 0. | ‡aColombia ‡vDrama. | |
| 650 | 0. | ‡aChild trafficking ‡vDrama. | |
| 650 | 0. | ‡aHuman trafficking ‡vDrama. | |
| 655 | 7. | ‡aThrillers (Motion pictures) ‡2lcgft ‡0(LARL_NWRL_CONSORTIUM)175789 | |
| 655 | 7. | ‡aCrime films. ‡2lcgft ‡0(LARL_NWRL_CONSORTIUM)175788 | |
| 655 | 7. | ‡aFeature films. ‡2lcgft ‡0(LARL_NWRL_CONSORTIUM)175625 | |
| 655 | 7. | ‡aFiction films. ‡2lcgft ‡0(LARL_NWRL_CONSORTIUM)175626 | |
| 655 | 7. | ‡aVideo recordings for the hearing impaired. ‡2lcgft ‡0(LARL_NWRL_CONSORTIUM)175744 | |
| 700 | 1 | . | ‡aMonteverde, Alejandro, ‡efilm director, ‡escreenwriter. ‡0(LARL_NWRL_CONSORTIUM)214172 |
| 700 | 1 | . | ‡aBarr, Rod, ‡escreenwriter. |
| 700 | 1 | . | ‡aVerástegui, Eduardo, ‡d1974- ‡efilm producer, ‡eactor. ‡0(LARL_NWRL_CONSORTIUM)209946 |
| 700 | 1 | . | ‡aCaviezel, Jim, ‡d1968- ‡eactor. ‡0(LARL_NWRL_CONSORTIUM)136364 |
| 700 | 1 | . | ‡aGodino, Javier, ‡d1978- ‡eactor. |
| 700 | 1 | . | ‡aSánchez Parra, Gustavo, ‡eactor. ‡0(LARL_NWRL_CONSORTIUM)218139 |
| 700 | 1 | . | ‡aFuller, Kurt, ‡d1953- ‡eactor. |
| 700 | 1 | . | ‡aZúñiga, José, ‡eactor. ‡0(LARL_NWRL_CONSORTIUM)147050 |
| 700 | 1 | . | ‡aAvedisian, Kris, ‡eactor. |
| 700 | 1 | . | ‡aSorvino, Mira, ‡eactor. ‡0(LARL_NWRL_CONSORTIUM)142306 |
| 700 | 1 | . | ‡aCamp, Bill, ‡eactor. |
| 700 | 1 | . | ‡aNavarrete, Javier, ‡d1956- ‡ecomposer (expression) |
| 710 | 2 | . | ‡aSanta Fe Films, ‡eproduction company. |
| 710 | 2 | . | ‡aAngel Studios, ‡epresenter, ‡epublisher. |
| 901 | . | ‡a425000 ‡bOCoLC ‡c425000 ‡tbiblio ‡soclc | |

Add to basket
Permalink
Disable Highlighting